Pokémon de la cinquième génération - Mort subite - Statistiques

Statistiques générales
  • Ce quiz a été pris 57 fois
  • Le résultat moyen est 13 sur 15
Answers on the Grid
Answers color-coded by a green-red scale on the quiz's grid according to % correct below.
Baggiguane
Tutétékri
Batracné
Lewsor
Darumacho de Galar
Zorua
Lançargot
Démanta
Galvaran
Scobolide
Clamiral
Scalpereur
Maracachi
Morpeko
Gouroutan
Aflamanoir
Pâtachiot
Incisache
Miasmax Gigamax
Gringolem
Solaroc
Limonde de Galar
Trioxhydre
Chinchidou
Paragruel
Sorbouboul
Méga-Nanméouïe
Rhinocorne
Cryptéro
Berserkatt
 
Statistiques - réponses
Réponse % Correct
Baggiguane
97%
Zorua
95%
Batracné
92%
Clamiral
89%
Lançargot
89%
Lewsor
89%
Scobolide
89%
Aflamanoir
82%
Maracachi
82%
Trioxhydre
82%
Chinchidou
79%
Cryptéro
79%
Incisache
79%
Sorbouboul
79%
Gringolem
76%
Aucun quiz correspondant
Distribution des résultats
% des personnes avec chaque résultat
Percentile par nombre de réponses
Votre historique - résultats
Vous n’avez pas pris ce quiz